[Event "Bydgoszcz U18 op 30th"]
[Site "Bydgoszcz"]
[Date "2013.01.14"]
[Round "5.5"]
[White "Matewski, Marcin"]
[Black "Walczak, Mikolaj"]
[Result "1/2-1/2"]
[WhiteElo "1608"]
[BlackElo "1399"]
[PlyCount "66"]
[EventDate "2013.01.14"]
[EventType "swiss"]
[EventRounds "9"]
[EventCountry "POL"]
[SourceTitle "EXT 2023"]
[Source "ChessBase"]
[SourceDate "2022.10.05"]
[SourceVersion "1"]
[SourceVersionDate "2022.10.05"]
[SourceQuality "1"]

1. e4 c5 2. Nf3 e6 3. d4 cxd4 4. Nxd4 a6 5. Nc3 b5 6. a3 Bb7 7. Be3 Nf6 8. f3 Nc6 9. g3 Qc7 10. Bg2 Na5 11. Bf2 Nc4 12. Rb1 Nxa3 13. Ra1 Nc4 14. Ra2 d5 15. exd5 Nxd5 16. Nxd5 Bxd5 17. b3 Bb4+ 18. Ke2 Qe5+ 19. Kd3 Nb6 20. c3 Be7 21. f4 Qd6 22. Bxd5 Qxd5 23. Re1 Bf6 24. g4 0-0 25. h4 Nd7 26. Rb2 e5 27. fxe5 Nxe5+ 28. Kc2 Nc6 29. g5 Nxd4+ 30. Bxd4 Bxd4 31. Qxd4 Qc6 32. Rbb1 Rfd8 33. Qe4 Qc5 1/2-1/2